| 000 | 00625nam a2200205Ia 4500 | ||
|---|---|---|---|
| 005 | 20230517141418.0 | ||
| 008 | 131103s9999 xx 000 0 und d | ||
| 020 | _a61674044 | ||
| 040 | _aLoreto College | ||
| 041 | _aEnglish | ||
| 082 |
_a330.9 _bWIL |
||
| 100 | _aWilbanks,Thomas J. | ||
| 245 |
_aLocation and well - being _b an introduction of economic geography _cThomas J.Wilbanks |
||
| 260 |
_aSan Francisco _bHarper & Row Publishers _c1980 |
||
| 300 |
_axi,fig. _b 24 cm. |
||
| 504 | _aIncludes bibliographical references and index | ||
| 650 | _aEconomics - Economics Geography | ||
| 850 | _aLCLIB | ||
| 942 | _cBK | ||
| 999 |
_c7517 _d57996 |
||